000 00728nam a2200205 i 4500
001 150762
003 ES-MaACL
005 20231205164445.0
007 t|
008 071108s1946 sp ||||1| spa d
100 1 _aFernández Almagro, Melchor,
_d1893-1966
_949447
245 1 3 _aEl caso Joaquín Costa /
_cM. Fernández Almagro.
260 _aMadrid :
_bCentro de Estudios Políticos y Constitucionales,
_c[1946]
300 _a6 h. ;
_c24 cm.
595 _aSeparata de: Revista de estudios políticos, 1946, n. 29-30, p. 117-127.
600 1 4 _aCosta, Joaquín,
_d1846-1911
_941054
710 2 _aCentro de Estudios Políticos y Constitucionales (España)
_92666
852 _aES-MaACL
_j1864-F-8
999 _c150762
_d150762